The call of the wild & White Fang / (Record no. 233323)

000 -LEADER
fixed length control field 01187cam a2200349 a 4500
001 - CONTROL NUMBER
control field 4280031
003 - CONTROL NUMBER IDENTIFIER
control field Nust
005 - DATE AND TIME OF LATEST TRANSACTION
control field 20170306193550.0
008 - FIXED-LENGTH DATA ELEMENTS--GENERAL INFORMATION
fixed length control field 850222s1985 nyua 000 1 eng
010 ## - LIBRARY OF CONGRESS CONTROL NUMBER
LC control number 85060633
020 ## - INTERNATIONAL STANDARD BOOK NUMBER
International Standard Book Number 9781853260261
040 ## - CATALOGING SOURCE
Original cataloging agency DLC
Transcribing agency DLC
Modifying agency DLC
050 00 - LIBRARY OF CONGRESS CALL NUMBER
Classification number PS3523.O46
Item number C3 1985
082 00 - DEWEY DECIMAL CLASSIFICATION NUMBER
Classification number 813.52
Author Mark LON
100 1# - MAIN ENTRY--PERSONAL NAME
Personal name London, Jack,
Dates associated with a name 1876-1916.
245 14 - TITLE STATEMENT
Title The call of the wild & White Fang /
Statement of responsibility, etc. Jack London ;
260 ## - PUBLICATION, DISTRIBUTION, ETC.
Place of publication, distribution, etc. Pleasantville, N.Y. :
Name of publisher, distributor, etc. Reader's Digest Association,
Date of publication, distribution, etc. 1992.
300 ## - PHYSICAL DESCRIPTION
Extent 230 p. :
Dimensions 24 cm.
650 #0 - SUBJECT ADDED ENTRY--TOPICAL TERM
Topical term or geographic name entry element Wolfdogs
General subdivision Fiction.
650 #0 - SUBJECT ADDED ENTRY--TOPICAL TERM
Topical term or geographic name entry element Animal welfare
Form subdivision Fiction.
650 #0 - SUBJECT ADDED ENTRY--TOPICAL TERM
Topical term or geographic name entry element Feral dogs
Form subdivision Fiction.
650 #0 - SUBJECT ADDED ENTRY--TOPICAL TERM
Topical term or geographic name entry element Pet theft
Form subdivision Fiction.
650 #0 - SUBJECT ADDED ENTRY--TOPICAL TERM
Topical term or geographic name entry element Sled dogs
Form subdivision Fiction.
650 #0 - SUBJECT ADDED ENTRY--TOPICAL TERM
Topical term or geographic name entry element Dogs
Form subdivision Fiction.
651 #0 - SUBJECT ADDED ENTRY--GEOGRAPHIC NAME
Geographic name Klondike River Valley (Yukon)
Form subdivision Fiction.
655 #7 - INDEX TERM--GENRE/FORM
Genre/form data or focus term Nature stories.
Source of term lcsh
655 #7 - INDEX TERM--GENRE/FORM
Genre/form data or focus term Adventure fiction.
Source of term gsafd
700 1# - ADDED ENTRY--PERSONAL NAME
Personal name London, Jack,
Dates associated with a name 1876-1916.
Title of a work White Fang.
740 0# - ADDED ENTRY--UNCONTROLLED RELATED/ANALYTICAL TITLE
Uncontrolled related/analytical title White Fang.
906 ## - LOCAL DATA ELEMENT F, LDF (RLIN)
a 7
b cbc
c orignew
d 2
e opcn
f 19
g y-gencatlg
942 ## - ADDED ENTRY ELEMENTS (KOHA)
Source of classification or shelving scheme
Koha item type Book
Holdings
Withdrawn status Lost status Source of classification or shelving scheme Damaged status Not for loan Collection code Permanent Location Current Location Shelving location Date acquired Total Checkouts Full call number Barcode Date last seen Date last checked out Copy number Price effective from Koha item type
            Central Library (CL) Central Library (CL) Fiction 03/06/2017 2 813.52 LON CL800 02/07/2022 01/14/2022 1 03/06/2017 Book
© 2023 Central Library, National University of Sciences and Technology. All Rights Reserved.